Разработка и исследование ультразвуковых медицинских аппаратов для травматологии и хирургии, широкодиапазонных по параметрам нагрузки: автореферат диссертации на соискание ученой степени кандидата технических наук; спец. 05.11.17

Détails bibliographiques
Auteur principal: Лебедева Д. А. Дарья Александровна
Collectivité auteur: Омский государственный технический университет (ОмГТУ)
Autres auteurs: Новиков А. А. Алексей Алексеевич (научный руководитель)
Résumé:Заглавие с титульного экрана
Электронная версия печатной публикации
Langue:russe
Publié: Омск, 2015
Sujets:
Accès en ligne:http://www.lib.tpu.ru/fulltext/a/2015/28.pdf
Format: Électronique Livre
KOHA link:https://koha.lib.tpu.ru/cgi-bin/koha/opac-detail.pl?biblionumber=304206

MARC

LEADER 00000nlm0a2200000 4500
001 304206
005 20231102001658.0
035 |a (RuTPU)RU\TPU\book\329441 
035 |a RU\TPU\book\329430 
090 |a 304206 
100 |a 20150911d2015 k y0rusy50 ca 
101 0 |a rus 
102 |a RU 
105 |a a dm 001zy 
135 |a drcn ---uucaa 
181 0 |a i  
182 0 |a b 
200 1 |a Разработка и исследование ультразвуковых медицинских аппаратов для травматологии и хирургии, широкодиапазонных по параметрам нагрузки  |b Электронный ресурс  |e автореферат диссертации на соискание ученой степени кандидата технических наук  |e спец. 05.11.17  |f Д. А. Лебедева  |g Омский государственный технический университет (ОмГТУ) ; науч. рук. А. А. Новиков 
203 |a Текст  |c электронный 
210 |a Омск  |d 2015 
215 |a 1 файл (1.0 Mb) 
230 |a Электронные текстовые данные (1 файл : 1.0 Mb) 
300 |a Заглавие с титульного экрана 
300 |a Электронная версия печатной публикации 
337 |a Adobe Reader 
452 1 |0 (RuTPU)RU\TPU\book\334783  |t Разработка и исследование ультразвуковых медицинских аппаратов для травматологии и хирургии, широкодиапазонных по параметрам нагрузки  |o автореферат диссертации на соискание ученой степени кандидата технических наук  |o спец. 05.11.17  |f Д. А. Лебедева  |g Омский государственный технический университет (ОмГТУ) ; науч. рук. А. А. Новиков  |c Омск  |d 2015  |p 17 с.  |a Лебедева, Дарья Александровна 
606 1 |a Ультразвук  |x Применение в медицине  |2 stltpush  |3 (RuTPU)RU\TPU\subj\71353  |9 85308 
610 1 |a авторефераты диссертаций 
610 1 |a электронный ресурс 
610 1 |a труды учёных ТПУ 
610 1 |a ультразвуковые медицинские аппараты 
610 1 |a анализ 
610 1 |a травматология 
610 1 |a хирургия 
610 1 |a акустические системы 
610 1 |a нагрузочная способность 
610 1 |a медико-биологическое применение 
675 |a 615.83(04)  |v 3 
686 |a 05.11.17  |2 oksvnk 
700 1 |a Лебедева  |b Д. А.  |g Дарья Александровна 
702 1 |a Новиков  |b А. А.  |g Алексей Алексеевич  |4 727 
712 0 2 |a Омский государственный технический университет (ОмГТУ)  |c (1993- )  |2 stltpush  |3 (RuTPU)RU\TPU\col\394 
801 2 |a RU  |b 63413507  |c 20160428  |g RCR 
856 4 |u http://www.lib.tpu.ru/fulltext/a/2015/28.pdf 
942 |c CF